Poesía completa / (Record no. 5945)
[ view plain ]
| 000 -CABECERA | |
|---|---|
| campo de control de longitud fija | 00828cam a2200253 a 4500 |
| 001 - NÚMERO DE CONTROL | |
| campo de control | 000006149 |
| 005 - FECHA Y HORA DE LA ÚLTIMA TRANSACCIÓN | |
| campo de control | 20200929151943.0 |
| 008 - DATOS DE LONGITUD FIJA--INFORMACIÓN GENERAL | |
| campo de control de longitud fija | 940201s1990 sp 001 0 spa |
| 020 ## - NÚMERO INTERNACIONAL ESTÁNDAR DEL LIBRO | |
| Número Internacional Estándar del Libro | 8472231585 |
| 040 ## - FUENTE DE LA CATALOGACIÓN | |
| Centro catalogador/agencia de origen | DO-SdBNP |
| Centro/agencia transcriptor | DLC |
| Centro/agencia modificador | DLC |
| 082 ## - NÚMERO DE LA CLASIFICACIÓN DECIMAL DEWEY | |
| Número de clasificación | 861.64 |
| Número de documento/Ítem | C837 |
| 100 1# - ENTRADA PRINCIPAL--NOMBRE DE PERSONA | |
| Nombre de persona | Costafreda, Alfonso, |
| Fechas asociadas al nombre | 1926-1974. |
| 9 (RLIN) | 17277 |
| 245 10 - MENCIÓN DE TÍTULO | |
| Título | Poesía completa / |
| Mención de responsabilidad, etc. | Alfonso Costafreda ; edición, Jordi Jové y Pere Rovira. |
| 260 ## - PUBLICACIÓN, DISTRIBUCIÓN, ETC. | |
| Lugar de publicación, distribución, etc. | Barcelona : |
| Nombre del editor, distribuidor, etc. | Tusquets, |
| Fecha de publicación, distribución, etc. | 1990. |
| 300 ## - DESCRIPCIÓN FÍSICA | |
| Extensión | 364 p. ; |
| Dimensiones | 21 cm. |
| 490 1# - MENCIÓN DE SERIE | |
| Mención de serie | Marginales ; |
| Designación de volumen o secuencia | 110. |
| 490 1# - MENCIÓN DE SERIE | |
| Mención de serie | Nuevos textos sagrados |
| 650 #4 - PUNTO DE ACCESO ADICIONAL DE MATERIA--TÉRMINO DE MATERIA | |
| Término de materia o nombre geográfico como elemento de entrada | Poesìa española |
| 9 (RLIN) | 631 |
| 650 #4 - PUNTO DE ACCESO ADICIONAL DE MATERIA--TÉRMINO DE MATERIA | |
| Término de materia o nombre geográfico como elemento de entrada | Literatura española |
| 9 (RLIN) | 632 |
| 700 1# - PUNTO DE ACCESO ADICIONAL--NOMBRE DE PERSONA | |
| Nombre de persona | Jové, Jordi, |
| Término indicativo de función/relación | ed. |
| 9 (RLIN) | 17278 |
| 700 1# - PUNTO DE ACCESO ADICIONAL--NOMBRE DE PERSONA | |
| Nombre de persona | Rovira, Pere, |
| Término indicativo de función/relación | ed. |
| 9 (RLIN) | 17279 |
| 830 #0 - PUNTO DE ACCESO ADICIONAL DE SERIE-TÍTULO UNIFORME | |
| Título uniforme | Marginales. |
| Nombre de parte o sección de la obra | Nuevos textos sagrados ; |
| Designación de volumen o secuencia | 110. |
| 9 (RLIN) | 14187 |
| 910 ## - DATOS DE OPCIÓN DEL USUARIO (OCLC) | |
| Datos de opción del usuario | Catalogación por copia / LC |
| Estado de retiro | Estado de pérdida | Restricciones de uso | No para préstamo | Código de colección | Localización permanente | Ubicación/localización actual | Ubicación en estantería | Fecha de adquisición | Número de inventario | Total de préstamos | Signatura topográfica completa | Código de barras | Fecha visto por última vez | Precio válido a partir de | Tipo de ítem Koha |
|---|---|---|---|---|---|---|---|---|---|---|---|---|---|---|---|
| Préstamo interno | Monografías: Libros y Folletos | General | General | En catalogación | 26.08.2009 | LF1 | 861.64 C837 | 6149-10 | 25.06.2020 | 25.06.2020 | Préstamo interno |
